[Event "Enghien les Bains 4th"]
[Site "Enghien les Bains"]
[Date "2001.04.12"]
[Round "2"]
[White "Bologan, Viktor"]
[Black "Bacrot, Etienne"]
[Result "0-1"]
[WhiteElo "2676"]
[BlackElo "2627"]
[Annotator "Ftacnik,L"]
[PlyCount "60"]
[EventDate "2001.04.11"]
[EventType "tourn"]
[EventRounds "9"]
[EventCountry "FRA"]
[EventCategory "17"]
[SourceTitle "CBM 083"]
[Source "ChessBase"]
[SourceDate "2001.07.05"]
[SourceVersion "1"]
[SourceVersionDate "2001.07.05"]
[SourceQuality "1"]

1. e4 c5 2. Nf3 Nc6 3. d4 cxd4 4. Nxd4 e6 5. Nc3 d6 6. Be3 Nf6 7. Be2 Be7 8.
Qd2 O-O 9. f4 a6 10. O-O-O Nd7 11. Kb1 (11. g4 Nxd4 12. Qxd4 b5 13. g5 (13.
Rhg1 Qa5 14. f5 b4 15. fxe6 fxe6 16. Nb1 Ne5 17. Nd2 Qxa2 18. Qxb4 Bd7 19. Nc4
Rf2 {0-1 Berelovich,A-Poluljahov,A/Azov/1995/ (19)}) 13... Rb8 14. Bf3 b4 15.
Ne2 e5 16. Qd2 exf4 17. Nxf4 Ne5 18. Be2 Bxg5 19. h4 Be7 20. Nd5 Bb7 {1/2-1/2
Spasov,V-Ehlvest,J/Manila/1990/ (29)}) 11... Nxd4 12. Qxd4 b5 13. g4 Qa5 (13...
Rb8 14. Bf3 b4 15. Ne2 e5 16. Qd2 exf4 17. Nxf4 Ne5 18. Qe2 Bg5 19. h4 Bxf4 20.
Bxf4 Qf6 21. Bxe5 dxe5 22. g5 Qe7 23. Bg4 Bxg4 {1/2-1/2 Svidler,P-Gavrikov,V/
Tallinn/2001/ (23)}) 14. a3 $2 {The consequences of this weakening move will
be felt by white rather clearly. Slowing down of black's progress works only
temporarily, but if he succeeds with b5-b4 the defense of white's king will
become problematic.} (14. b4 $6 Qc7 15. g5 Bb7 $17) (14. Bd3 b4 15. Ne2 e5 $11)
(14. Bf3 b4 15. Ne2 Bb7 $13) 14... Bb7 (14... Rb8 15. Bd2 Qc7 16. g5 $13) 15.
g5 (15. Bd2 Qc7) 15... Rfc8 16. h4 Rab8 17. h5 Ba8 (17... e5 18. fxe5 Nxe5 19.
g6 $1 $14) 18. h6 (18. g6 $5 Nf6 (18... fxg6 19. hxg6 h6 20. Bg4 Nf8 21. Rh5
$14) 19. gxh7+ Kxh7 20. h6 g6 21. f5 b4 $1 $40) 18... Bf8 19. Bd2 (19. hxg7
Bxg7 20. Qxd6 Bxc3 21. Qxd7 Bxe4 22. Bh5 Rf8 23. bxc3 Qxa3 $1 $19) (19. g6 hxg6
(19... fxg6 20. Bg4 e5 21. Be6+ Kh8 22. hxg7+ Kxg7 23. fxe5 $18) 20. h7+ Kh8
$17) 19... b4 20. Na2 (20. axb4 Rxb4 21. Qa7 Qa3 22. b3 Rxb3+ 23. cxb3 Qxb3+
24. Ka1 Rxc3 25. Bxc3 Bxe4 $19) 20... Qc7 21. Bd3 (21. Nxb4 a5 22. Ba6 (22. Na6
Qxc2+ 23. Ka1 e5 $19) 22... axb4 23. Bxc8 Rxc8 $19) 21... bxa3 22. b3 (22. Bc3
e5 $19) 22... Nc5 23. Bc3 e5 $1 {Bacrot is opening up the position in the
right moment, his pieces will gain access to the white's king. The queen on d4
was in fact holding together Bologan's defense, with her demise black is
opening new horizons.} (23... Nxb3 24. cxb3 Rxb3+ 25. Ka1 (25. Kc2 Rb2+ 26. Kc1
e5 $19) 25... Rxc3 26. Qxc3 Qxc3+ 27. Nxc3 Rxc3 28. Rhg1 (28. Bxa6 Bxe4 $19)
28... a5 $17) 24. fxe5 (24. Qc4 Nxe4 $19) 24... dxe5 25. Qxe5 (25. Qc4 Nxd3 26.
Qxd3 g6 $17) 25... Nxd3 $2 (25... Qxe5 26. Bxe5 Nxd3 27. Bxb8 Nf2 28. Ba7 Nxh1
29. Rxh1 Rxc2 30. Kxc2 Bxe4+ $19) 26. Qxc7 $2 {[%mdl 64] Both players were
ablivious to the phantastic tactical shot 26.Qf5!! when white was even gaining
upper hand.} (26. Rxd3 Qxe5 27. Bxe5 Bxe4 28. hxg7 Bxg7 29. Bxb8 Bxd3 30. cxd3
Rxb8 $19) (26. Qf5 $3 Ne5 (26... Bxe4 27. Qxe4 Nf2 28. Qxh7+ Kxh7 29. hxg7+
Nxh1 30. Rxh1+ Kg6 31. g8=Q+ Kf5 32. Qh7+ Ke6 33. Rf1 $18) 27. hxg7 (27. Qxe5
$2 Qxe5 28. Bxe5 Bxe4 29. Bxb8 Bxc2+ 30. Ka1 Bxd1 $19) 27... Bxg7 28. Rxh7 Re8
29. Rdh1 (29. Rxg7+ Kxg7 30. Qf6+ (30. Rd7 Rxb3+ $1 31. cxb3 Bxe4+ 32. Qxe4
Qxd7 33. Bxe5+ Kg8 $19) 30... Kf8 31. Rh1 Ng6 32. Qg7+ Ke7 33. Qf6+ Kf8 $11)
29... Rb6 30. Ba5 Ree6 31. Rh8+ Bxh8 32. Qh7+ Kf8 33. Qxh8+ Ke7 34. Bxb6 Qxb6
35. Qxa8 Qd4 36. Qb7+ Nd7 37. Qb4+ $14) 26... Rxc7 27. hxg7 (27. Rxd3 Bxe4 28.
Be5 Bxd3 29. Bxc7 Rxb3+ 30. Kc1 Bxc2 31. Kxc2 Rb2+ $19) 27... Bxg7 28. Bxg7 (
28. Rxd3 Bxe4 29. Rhd1 Bxd3 30. Rxd3 Rbc8 $19) 28... Bxe4 29. Bd4 (29. Rh4 Kxg7
30. cxd3 (30. Rxe4 Nf2 $19) 30... Rxb3+ 31. Ka1 Rxd3 $19) 29... Rxb3+ $1 {
Fresh final combination will end up with an impressive mating pattern.} 30.
cxb3 (30. Ka1 Rxc2 $19) 30... Nc1+ (30... Nc1+ 31. Ka1 Nxb3#) 0-1

[Event "Olympiad-38"]
[Site "Dresden"]
[Date "2008.11.21"]
[Round "8"]
[White "Akopian, Vladimir Eduardovic"]
[Black "Vachier Lagrave, Maxime"]
[Result "1-0"]
[WhiteElo "2679"]
[BlackElo "2716"]
[Annotator "Ftacnik,L"]
[PlyCount "51"]
[EventDate "2008.11.13"]
[EventType "team-swiss"]
[EventRounds "11"]
[EventCountry "GER"]
[SourceTitle "CBM 128"]
[Source "ChessBase"]
[SourceDate "2009.01.28"]
[SourceVersion "1"]
[SourceVersionDate "2009.01.28"]
[SourceQuality "1"]
[WhiteTeam "Armenia"]
[BlackTeam "France"]
[WhiteTeamCountry "ARM"]
[BlackTeamCountry "FRA"]

1. e4 c5 2. Nf3 d6 3. d4 cxd4 4. Nxd4 Nf6 5. Nc3 a6 6. Be3 e6 7. Be2 Qc7 8. a4
b6 9. f4 Bb7 10. Bf3 Nbd7 11. Qe2 g6 {Breaking through the defences in this
system is anything but easy for White. The games of top grandmasters are
indicating that Black is holding his own after the immediate advance of his
pawn to e5.} (11... e5 12. Nf5 (12. fxe5 Nxe5 13. O-O g6 14. Qe1 Bg7 15. Qh4
O-O 16. Bh6 {1/2 Svidler,P (2660)-Oll,L (2645)/Kazan 1997}) (12. Nb3 Be7 13.
O-O O-O 14. g3 Rfe8 15. Bg2 Rac8 16. Rae1 d5 17. exd5 Bb4 18. fxe5 Bxc3 19.
bxc3 Qxe5 20. c4 Qc3 21. Rf4 Ne5 {1/2 Kobalia,M (2505)-Svidler,P (2710)/St
Petersburg 1998}) 12... g6 13. fxe5 Nxe5 14. Bg5 Qd8 15. Ne3 Bg7 16. O-O h6 17.
Bh4 O-O 18. Ncd5 (18. Rad1 Qc7 19. Kh1 Qc5 20. Ned5 Nxd5 21. Nxd5 Bxd5 22. Rxd5
Qc6 23. b3 Rfc8 24. c4 Re8 {1/2 Tiviakov,S (2628)-Dominguez,L (2613)/Esbjerg
2002 (50)}) 18... g5 19. Nxf6+ Qxf6 20. Bg4 Qd8 21. Bg3 Nxg4 22. Qxg4 Qe7 23.
Nf5 Qxe4 24. Qxe4 Bxe4 25. Nxg7 Kxg7 26. Bxd6 Rfe8 {1/2 Topalov,V (2740)
-Ivanchuk,V (2740)/Linares 1998 (41)}) 12. O-O e5 13. Rad1 $5 $146 {Akopian
came prepared for the young French talent with a slightly shocking novelty.
Taking the knight on d4 is probably untenable for Black at this moment.} (13.
fxe5 dxe5 14. Nb3 Bb4 15. Bh6 Bf8 16. Be3 Bb4 17. Bh6 Bf8 18. Qe3 {1/2
Fedorchuk,S (2671)-Vachier Lagrave,M (2632)/Paris 2008}) (13. Nb3 Bg7 14. Rad1
exf4 15. Bxf4 Ne5 16. Qd2 Nc4 17. Bxd6 Nxd2 18. Bxc7 Nxf1 19. Kxf1 Nd7 20. Bg4
Nf6 21. Bf3 Nd7 22. Bg4 Nf6 {1/2 Sokolov,A (2561)-Vachier Lagrave,M (2681)/Pau
2008}) 13... Be7 (13... exd4 14. Bxd4 Bg7 15. e5 Bxf3 (15... O-O 16. Bxb7 Qxb7
17. exf6 Nxf6 18. Qf3 Rab8 19. f5 $16) 16. Qxf3 O-O 17. exf6 Bxf6 18. Qd5 $16)
14. fxe5 Nxe5 {The defender might have fared better after recapturing on e5
with the pawn. The knight on e5 is a magnificient piece, but the coordination
of pieces was diminished.} (14... dxe5 $5 15. Nd5 Nxd5 16. exd5 O-O 17. Nc6 Bd6
18. Qc4 $14) 15. Bh6 Bf8 (15... Qc5 16. Rf2 Bf8 17. Bxf8 Kxf8 18. Qd2 $16) 16.
Bxf8 Kxf8 17. Qe3 h6 (17... Kg7 18. Be2 (18. Nf5+ gxf5 19. Qg5+ Ng6 20. exf5
Qc5+ 21. Kh1 Bxf3 22. Rxf3 Qe5 23. Qd2 d5 24. fxg6 hxg6 $11) 18... Rhe8 $14)
18. Bh5 $3 {[%mdl 128] Akopian is displaying his best side. Black is short of
two tempi in order to finish his development and coordinate his pieces. Due to
the blows by the white pieces, he will never find the time for it...} Qe7 (
18... Kg7 19. Bxg6 Kxg6 (19... Nxg6 20. Nf5+ Kg8 21. Nxd6 Ng4 22. Qg3 h5 23. h3
N4e5 24. Nxf7 Qxf7 25. Rxf7 Kxf7 26. Qf2+ Kg7 27. Qxb6 $18)) 19. Bxg6 $1 Nxg6 (
19... fxg6 20. Rxf6+ Qxf6 21. Rf1 Qxf1+ 22. Kxf1 $16) 20. Nf5 Qe5 21. Qxb6 {
The king on f8 looks misplaced; all the white pieces are attacking with vigour.
} Bxe4 (21... Qc5+ 22. Qxc5 dxc5 23. Nd6 $18) (21... Bc8 22. Qd8+ Ne8 23. Nxd6
Rh7 24. Nxe8 Qxe8 25. Qd6+ Kg8 26. Nd5 $18) 22. Qxd6+ Qxd6 23. Nxd6 Bxc2 24.
Rxf6 $1 {The beautiful and perfect point of the deep combination. Vachier
Lagrave can not accept the offered material due to the mating attack by the
reduced number white pieces.} Ra7 (24... Bxd1 25. Rxf7+ Kg8 26. Nd5 $18) 25.
Rd2 Kg7 26. Rf3 (26. Rf3 Bb3 27. Nf5+ Kh7 28. Rh3 $18) 1-0

[Event "EU-ch 4th"]
[Site "Istanbul"]
[Date "2003.06.07"]
[Round "8"]
[White "Dvoirys, Semen I"]
[Black "Genov, Petar"]
[Result "1-0"]
[WhiteElo "2552"]
[BlackElo "2490"]
[Annotator "Ftacnik,L"]
[PlyCount "67"]
[EventDate "2003.05.30"]
[EventType "swiss"]
[EventRounds "13"]
[EventCountry "TUR"]
[SourceTitle "CBM 096"]
[Source "ChessBase"]
[SourceDate "2003.09.25"]
[SourceVersion "1"]
[SourceVersionDate "2003.09.25"]
[SourceQuality "1"]

1. e4 c5 2. Nf3 d6 3. d4 cxd4 4. Nxd4 Nf6 5. Nc3 a6 6. Be2 e6 7. O-O Qc7 8. f4
Nbd7 9. a4 b6 10. Bf3 Bb7 11. Qe1 Rc8 (11... Rd8 12. Kh1 Ba8 (12... Nc5 13. b4
Ncd7 14. Bb2 Be7 15. e5 dxe5 16. fxe5 Nxe5 17. Bxb7 Rxd4 18. Nb5 axb5 19. Bxd4
Neg4 20. Qh4 Qxb7 21. h3 {1-0 Solleveld,M-Van Opstal,R/Nijmegen 1992/ (30)})
13. Qg3 Nc5 14. Re1 d5 15. exd5 Nxd5 16. Bxd5 Bxd5 17. Nf5 g6 18. Nxd5 Rxd5 19.
Qc3 Rg8 20. Ne3 Rd8 21. Ng4 Bg7 22. Ne5 {1/2-1/2 Smeets,J-L'Ami,E/Leiden 2000/
(55)}) (11... Be7 12. Kh1 O-O (12... h5 13. Be3 g6 14. Rd1 Rc8 15. f5 e5 16.
fxg6 exd4 17. gxf7+ Kf8 18. Bxd4 Ne5 19. Nd5 Bxd5 20. exd5 Rh7 21. Bxe5 dxe5
22. Be4 {1/2-1/2 Spassky,B-Podzielny,K/Germany 1984/ (54)}) 13. e5 dxe5 14.
fxe5 Ne8 15. Bxb7 Qxb7 16. Qg3 Rc8 17. Bf4 g6 18. Rae1 Rc4 19. Qd3 Rb4 20. b3
Bc5 21. Nce2 Qd5 22. c4 Nxe5 23. Bxe5 Qxe5 24. Nc6 {1-0 Barglowski,F-Mironov,I/
Suwalki 2000/ (61)}) 12. Kh1 Ba8 (12... Be7 13. e5 Ng8 14. exd6 Bxd6 15. Ndb5
axb5 16. Nxb5 Qb8 17. Bxb7 Rc5 18. Bf3 Ngf6 19. Be3 Rc8 20. a5 bxa5 21. Rxa5
Nb6 22. Bb7 {1-0 Tsvetnitsky,N-Mozin,A/Moscow 1998/ (22)}) 13. Qg3 g6 {Black
is hoping to finish his development with the help of kingside fianchetto.} (
13... Qc4 14. Be3 Nc5 15. e5 Nfe4 16. Nxe4 Nxe4 17. Qg4 $14) 14. e5 Bxf3 (14...
dxe5 15. fxe5 Nxe5 16. Bf4 (16. Bxa8 Nh5 $1 17. Qh4 Rxa8 18. Bg5 Bg7 19. Ne4
O-O $15) 16... Nfd7 17. Rae1 Bg7 18. Bxa8 Rxa8 19. Nf3 f6 20. Bxe5 Nxe5 21.
Nxe5 fxe5 22. Ne4 $16) 15. Nxf3 Nh5 16. Qh3 (16. Qf2 d5 $11) 16... dxe5 $6 {
[%mdl 256] Genov accepts the pawn sacrifice, but it is extremely dangerous
with unfinished development.} (16... Ng7 17. Bd2 Be7 18. exd6 Bxd6 19. Ne4 Be7
20. Bc3 O-O $13) (16... d5 17. Be3 Ng7 $13) 17. fxe5 Nxe5 (17... Bb4 $6 18. g4
Ng7 19. Ne4 $40) (17... Bg7 18. g4 $16) 18. Nxe5 Qxe5 19. Bd2 Bg7 $2 {The most
natural move, that has a tragic consequences as black will not get his
castling.} (19... Qc7 20. Rae1 Qc6 (20... Be7 21. Rxf7 $1 Kxf7 22. Qxe6+ Kg7
23. Nd5 $16) 21. Ne4 Be7 22. Bc3 O-O $13) 20. Rae1 Qd6 (20... Qc5 21. Rxf7 $1
Kxf7 22. Qxe6+ Kf8 23. Rf1+ Nf6 24. Bh6 Qe7 25. Rxf6+ Ke8 26. Qxc8+ $18) (20...
Qc7 21. Rxe6+ $18) 21. Ne4 Qc6 (21... Qd5 22. Bb4 Rd8 23. c4 Qxc4 24. Qf3 f5
25. Nd6+ Rxd6 26. Bxd6 $18) (21... Qe7 22. Bg5 Qc7 23. g4 $16) 22. Bb4 Bf8 (
22... Rd8 23. Rxf7 $1 Kxf7 24. Qf3+ Kg8 25. Nf6+ Bxf6 26. Qxc6 $18) (22... Be5
23. Qh4 (23. Ng5 Nf4 24. Rxf4 Bxf4 25. Nxe6 $1 fxe6 26. Rxe6+ Kd8 27. Rxc6 Rxc6
28. Qf3 $18) 23... Rc7 24. Qg5 f5 25. Nd6+ Bxd6 26. Rxe6+ Kf7 27. Rxd6 Qxc2 28.
Rxb6 $14) 23. Bc3 Bg7 (23... Rg8 24. Rxf7 $1 Kxf7 25. Ng5+ Ke8 26. Rxe6+ Be7
27. Rxc6 Rxc6 28. Qf3 Rd6 29. Nxh7 $18) (23... Ng7 24. Nf6+ Kd8 25. Rd1+ Kc7
26. Rd7+ Kb8 27. Be5+ Ka8 28. Qd3 Qc4 29. Nd5 exd5 30. Rfxf7 $18) 24. Bxg7 Nxg7
25. Qa3 $1 {The queen makes a perfect job of immitating the bishop, that
vanished from b4. Now the defender has no chance to survive.} Nf5 (25... f5 26.
Nd6+ Kd7 27. Rd1 Kc7 28. Qg3 $18) (25... Kd8 26. Rd1+ Kc7 27. Rxf7+ $18) 26.
Rf3 Rc7 (26... f6 27. g4 Nd4 28. Rc3 $18) 27. Rc3 Qb7 28. Rd1 Re7 (28... Rxc3
29. Nf6#) (28... Rc5 29. Nxc5 bxc5 30. Qxc5 $18) 29. Nf6+ Kf8 30. Rd7 Qa8 (
30... Qb8 31. Rxe7 Nxe7 32. Nd7+ $18) 31. Rcc7 Kg7 32. Rxe7 Nxe7 33. Qxe7 Rf8
34. Nd7 (34. Nd7 Re8 35. Qf6+ Kg8 36. Ne5 $18) 1-0

[Event "EU-ch 2nd"]
[Site "Ohrid"]
[Date "2001.06.05"]
[Round "5"]
[White "Blehm, Pawel"]
[Black "Brendel, Oliver"]
[Result "1-0"]
[WhiteElo "2530"]
[BlackElo "2389"]
[Annotator "Ftacnik,L"]
[PlyCount "45"]
[EventDate "2001.06.01"]
[EventType "swiss"]
[EventRounds "13"]
[EventCountry "YUG"]
[SourceTitle "CBM 084"]
[Source "ChessBase"]
[SourceDate "2001.09.13"]
[SourceVersion "1"]
[SourceVersionDate "2001.09.13"]
[SourceQuality "1"]

1. e4 c5 2. Nf3 Nc6 3. d4 cxd4 4. Nxd4 d6 5. Nc3 e6 6. Be3 Nf6 7. Qd2 Be7 8.
Be2 O-O 9. O-O-O a6 10. f4 Qc7 11. g4 Nxd4 12. Bxd4 e5 13. Be3 Bxg4 (13... b5
$5) 14. Bxg4 Nxg4 15. f5 $5 {[%mdl 4] This quiet move makes a very good
impression, white has lot of time to prepare his attack along the g file.} (15.
Nd5 Qd7 (15... Qd8 16. Bb6 Qd7 17. Rhg1 Nf6 18. fxe5 Nxd5 19. Qxd5 Qc6 20. Qxc6
bxc6 21. exd6 Bd8 22. Bxd8 Rfxd8 23. Rg5 {1-0 Medvegy,Z-Surjadnji,A/Cairo/2001/
(39)}) 16. f5 Nf6 17. Nxf6+ Bxf6 18. Qxd6 Qa4 19. Rhg1 Rac8 20. c3 Rfd8 21.
Rxg7+ Kh8 22. Rg8+ Kxg8 23. Rg1+ Bg7 24. Rxg7+ Kh8 25. Rxh7+ Kxh7 26. Qh6+ Kg8
27. Qh5 Qd1+ {0-1 Tompa,J-Andruet,G/Bagneux/1982/ (29)}) 15... Qa5 (15... Qd8
16. Rhg1 Nf6 17. Bh6 $18) 16. Rhg1 Nxe3 (16... Nf6 17. Bh6 $18) 17. Qxe3 f6 (
17... Rfc8 18. Nd5 Bf8 19. Qb3 $1 Qc5 (19... b5 20. Nf6+ Kh8 21. Qxf7 $18) 20.
Nb6 $18) 18. Rg3 Rf7 19. Rdg1 Bf8 20. Qh6 b5 (20... Kh8 21. Qh5 $18) (20... Rc8
21. Nd5 Kh8 22. Qh5 Qa4 23. c3 $16) 21. Nd5 {This strongest piece on the board
kills all the black's dreams about successful defense.} Raa7 (21... Kh8 22.
Nxf6 $1 Rxf6 23. Qxf6 Qe1+ 24. Rxe1 gxf6 25. c3 $18) 22. Kb1 (22. Nxf6+ Rxf6
23. Qxf6 Qxa2 24. Qe6+ Qxe6 25. fxe6 $16) 22... Qd8 (22... Kh8 23. Nxf6 $1 $18)
23. Qh5 (23. Qh5 Rfb7 (23... h6 24. Qxh6 g5 25. Qg6+ Bg7 26. h4 $18) 24. Rh3 g5
25. fxg6 h6 26. Rf3 Bg7 27. Rgf1 $18) 1-0

[Event "Subotica 21st Century"]
[Site "Subotica"]
[Date "2000.12.23"]
[Round "6"]
[White "Sedlak, Nikola"]
[Black "Grigoriants, Sergey"]
[Result "1-0"]
[WhiteElo "2423"]
[BlackElo "2503"]
[Annotator "Ftacnik,L"]
[PlyCount "64"]
[EventDate "2000.12.18"]
[EventType "tourn"]
[EventRounds "10"]
[EventCountry "YUG"]
[EventCategory "10"]
[SourceTitle "CBM 081"]
[Source "ChessBase"]
[SourceDate "2001.03.20"]
[SourceVersion "1"]
[SourceVersionDate "2001.03.20"]
[SourceQuality "1"]

1. e4 c5 2. Nf3 e6 3. d4 cxd4 4. Nxd4 Nc6 5. Nc3 d6 6. Be3 Nf6 7. Be2 Be7 8.
Qd2 O-O 9. O-O-O a6 10. f4 Nd7 11. g4 Nxd4 12. Bxd4 b5 13. a3 Bb7 14. h4 Rc8
15. g5 Nc5 16. Qe3 Qc7 17. f5 f6 {[%mdl 256] The defense is always difficult,
but black is heading in reasonable direction.} (17... exf5 $5 18. Nd5 (18. exf5
Bxh1 19. Rxh1 (19. f6 Rfe8 20. fxe7 Rxe7 21. Qg3 Bb7 $19) 19... Rfe8 20. Nd5 (
20. Qf3 Ne4 21. f6 Bf8 $17) 20... Bxg5 21. Qxg5 Nb3+ 22. Kb1 Qxc2+ 23. Ka2 Nxd4
$19) 18... Bxd5 19. exd5 Rfe8 20. Qf3 g6 21. Rde1 Qb7 $15) (17... Nxe4 18. f6
Nxc3 (18... gxf6 $2 19. gxf6 $18) 19. Bxc3 Bxh1 20. fxe7 Qxe7 21. Rxh1 $14) 18.
fxe6 fxg5 $6 (18... Nxe4 19. Rhf1 (19. gxf6 Bxf6 20. Rh3 d5 $15) 19... fxg5 20.
Rxf8+ Bxf8 (20... Kxf8 $2 21. Bb6 Qc6 22. Bf3 d5 23. Bxe4 dxe4 24. Qf2+ Bf6 25.
hxg5 $18) 21. hxg5 Be7 22. Rg1 d5 $13) 19. Nd5 $1 Bxd5 (19... Qd8 20. Rdg1 $16)
20. exd5 Rf4 (20... gxh4 21. Rdg1 Bf6 22. Kb1 $14) (20... Ne4 $2 21. Bd3 Nf2
22. hxg5 $18) 21. Kb1 (21. Bh5 gxh4 22. Kb1 $16) 21... Re4 (21... Rxh4 22. Rxh4
gxh4 23. Bxg7 Bg5 24. Qxg5 Qxg7 25. Qxh4 Na4 26. Rd4 $18) 22. Qd2 {Black has
not enough compensation for the powerful white pawn on e6.} Rxd4 (22... Nxe6
23. dxe6 Rxd4 24. Qxd4 Qxc2+ 25. Ka1 Qxe2 26. hxg5 $16) 23. Qxd4 Bf6 (23...
Nxe6 24. Qd2 Nf4 25. Bg4 $18) 24. Qg4 gxh4 (24... Na4 25. Bd3 $1 Nxb2 (25...
Bxb2 26. e7 Nc3+ 27. Kxb2 Nxd1+ 28. Rxd1 $18) 26. e7 Bxe7 27. Bxh7+ $1 Kf8 28.
Qe6 $18) 25. Rdf1 Na4 26. Bd3 $1 (26. Rxf6 $4 Qxc2+ 27. Ka1 Qxb2#) 26... Nxb2 (
26... Bxb2 27. e7 $1 $18) 27. e7 $1 {The best defense is a strong
counterattack, white is making black's life miserable.} Bxe7 (27... Nxd3 28.
Qe6+ Kh8 29. e8=Q+ Rxe8 30. Qxe8#) 28. Qe6+ Kh8 29. Kxb2 Qc3+ 30. Ka2 b4 31.
axb4 Bf6 (31... Rb8 32. Qxe7 $18) 32. Rxf6 gxf6 1-0

[Event "Presov"]
[Site "Presov"]
[Date "1999.08.20"]
[Round "7"]
[White "Kulaots, Kaido"]
[Black "Ftacnik, Lubomir"]
[Result "0-1"]
[WhiteElo "2478"]
[BlackElo "2589"]
[Annotator "Ftacnik,L"]
[PlyCount "54"]
[EventDate "1999.08.14"]
[EventType "tourn"]
[EventRounds "9"]
[EventCountry "SVK"]
[EventCategory "10"]
[SourceTitle "CBM 073"]
[Source "ChessBase"]
[SourceDate "1999.12.01"]
[SourceVersion "1"]
[SourceVersionDate "1999.12.01"]
[SourceQuality "1"]

1. e4 c5 2. Nf3 d6 3. d4 cxd4 4. Nxd4 Nf6 5. Nc3 a6 6. Be2 e6 7. O-O Be7 8. f4
Nc6 9. Kh1 Bd7 $5 10. Bf3 O-O 11. Nde2 (11. Nb3 e5 12. f5 b5 13. Bg5 b4 14.
Bxf6 Bxf6 15. Nd5 a5 16. a4 bxa3 17. Rxa3 a4 18. Nc1 Rb8 19. Nd3 Nd4 {1/2-1/2
Knoppert,E-Brenninkmeijer,J/Leeuwarden/1995/ (40)}) 11... b5 12. a3 Rc8 13. g4
(13. Qe1 b4 14. axb4 Nxb4 15. Qg3 Nxc2 16. Rxa6 Nb4 17. Ra1 Nc2 18. Rb1 Nb4 19.
Be3 Kh8 20. Rbd1 Qa5 {0-1 Vebic,K-Sofrevski,J/Kladovo/1991/ (68)}) 13... d5 14.
exd5 Nxd5 15. Nxd5 exd5 16. Rg1 $2 {Black has managed a typical break in the
center, but neglecting its further control will be costly for white.} (16. Qxd5
$6 Bxg4 $1 17. Nc3 (17. Qxd8 Bxf3+ 18. Rxf3 Rfxd8 $17) 17... Bxf3+ 18. Qxf3 Nd4
$17) (16. Be3 Re8 17. c3 Bh4 (17... Bxa3 18. Rxa3 Rxe3 19. Rxa6 Qc7 $13) 18.
Qd3 Qc7 $13) (16. c3 Bh4 17. Be3 Re8 18. Qd3 (18. Bc5 Na5 $15) 18... Qc7 $13)
16... d4 17. g5 (17. Nxd4 $2 Nxd4 18. Qxd4 Bxg4 $19) (17. Qd3 Be6) 17... Bc5 (
17... Be6 $5 18. Qd3 (18. Ng3 Bd5 19. Ne4 f5 20. Ng3 d3 $1 21. cxd3 (21. Qxd3
Nd4 22. Bg2 Rxc2 $17) 21... Nd4 $17) 18... Bc4 19. Qe4 Re8 $17) 18. Qd3 (18.
Ng3 d3 $1 19. Rg2 Nd4 20. cxd3 Nxf3 21. Qxf3 Bc6 22. Ne4 Qd4 $17) 18... Be6 19.
Ng3 Re8 (19... Bc4 20. Qf5 Ne7 21. Qh3 d3 22. Be4 g6 23. Rd1 $16) 20. b3 Bd5
21. Ne4 (21. Bd2 $2 Re3 $1 $19) 21... Ne7 22. f5 (22. Bd2 Nf5 23. Rae1 Re6 $1
$15 (23... Nh4 24. Nf6+ $1 Qxf6 25. Bxd5 Qd6 26. Be4 $16)) 22... Qd7 (22...
Nxf5 23. Nf6+ $1 gxf6 24. gxf6+ Kh8 25. Qxf5 Bxf3+ 26. Qxf3 d3 27. Bh6 Bxg1 28.
Bg7+ Kg8 29. Bh6 Kh8 $11) 23. Ng3 {In the critical moment white chooses a meek
move. The main lines are both failing due to teh problems along the a8-h1
diagonal, but they still had to be preferred to the tex.} (23. Nf6+ gxf6 24.
gxf6+ Ng6 25. fxg6 (25. c4 Re3 26. Bxd5 Rxd3 27. fxg6 Qxd5+ (27... hxg6 28.
Rxg6+ Kh7 (28... Kf8 $2 29. Bh6+ Ke8 30. Rg8+ Bf8 31. Rxf8#) 29. Rh6+ Kg8 30.
Rg6+ $11) 28. cxd5 hxg6 $17) 25... Re3 $1 26. gxf7+ (26. Bxe3 Bxf3+ 27. Rg2
Bxg2+ 28. Kxg2 Qg4+ $19) 26... Kh8 27. Rg8+ Rxg8 28. fxg8=Q+ Kxg8 29. Bxe3
Bxf3+ 30. Kg1 dxe3 31. Qxd7 e2+ 32. Qd4 Bxd4#) (23. f6 Ng6 24. fxg7 Rxe4 $1 25.
Bxe4 Re8 26. Bg2 $8 (26. Re1 Qg4 $19) 26... Nh4 27. Bf4 Nxg2 28. Rxg2 Qg4 29.
Qg3 Qxg3 30. hxg3 Re2 31. Rag1 d3 $19) 23... Nc6 $1 24. Ne4 (24. Qf1 d3 25.
Bxd5 Qxd5+ 26. Rg2 (26. Qg2 Qxg2+ 27. Kxg2 Bxg1 $19) 26... dxc2 $19) (24. Bf4
Re3 25. Bxe3 Bxf3+ 26. Rg2 Ne5 27. Qf1 dxe3 $19) 24... Ne5 25. Nf6+ (25. Qe2
Nxf3 $19) 25... gxf6 26. gxf6+ Kh8 (26... Ng6 27. fxg6 Re3 $19) 27. Bh6 Bf8 $1
(27... Bxf3+ $2 28. Qxf3 Nxf3 29. Bg7+ Kg8 30. Bh6+ Nxg1 31. Rxg1+ Kh8 32. Bg7+
$11) (27... Nxf3 28. Bg7+ Kg8 29. Bh6+ Nxg1+ 30. Kxg1 Qd6 $19) (27... Bf8 $1
28. Bg7+ Bxg7 29. fxg7+ Kg8 $19) 0-1